01012nam a22002057a 4500003000400000008004100004020001800045082001500063100004100078245003800119250002100157260002800178300001100206650002200217942001200239999001700251952018000268952017900448952017900627OSt240816b |||||||| |||| 00| 0 eng d a9789332568839 a320.01 BHP aBHARGAVA, Acharya and ACHARYA, Ashok aPolitical Theory: An Introduction a20th Imprint ed. aNoida,bPearson,c2024, a340 p. aPolitical Science 2ddccBK c12822d12822 00102ddc40708BCOMaPIETNCRbPIETNCRd2024-08-12eZafaa Books & DistributersfIn Rupeesg525.00kZBD0135l0o320.01 BHPpN3730r2024-08-16 00:00:00v357.00w2024-08-12yREF 00102ddc40708BCOMaPIETNCRbPIETNCRd2024-08-12eZafaa Books & DistributersfIn Rupeesg525.00kZBD0135l0o320.01 BHPpN3731r2024-08-16 00:00:00v357.00w2024-08-12yBK 00102ddc40708BCOMaPIETNCRbPIETNCRd2024-08-12eZafaa Books & DistributersfIn Rupeesg525.00kZBD0135l0o320.01 BHPpN3732r2024-08-16 00:00:00v357.00w2024-08-12yBK